000 01260cam a2200373 a 4500
001 57752
003 CO-BoRNBP
005 20250730112904.0
007 ta
008 060106s2006 ck a jr 00011dspa d
020 _a9580491143
040 _aCO-BoBLA
_cCO-BoBLA
041 1 _aspa
_hpor
043 _as-bl---
082 0 4 _aI869.3
_bM12m1
_220 ed.
100 1 _aMachado, Ana María,
_d1941-
_92626
245 1 0 _aMisterios del mar océano /
_cAna María Machado ; traducción Santiago Ochoa ; ilustraciones de Francisco Villa.
250 _aEdición Cristina Puerta Duviau.
300 _a110 p. :
_bil. ;
_c19 cm.
336 _2rdacontent
_atexto
_btxt
337 _2rdamedia
_asin mediación
_bn
338 _2rdacarrier
_avolumen
_bnc
534 _tMistérios do mar oceano.
586 _aPremio Hans Christian Andersen 2000
650 7 _aCuentos infantiles brasileños.
_2BLAAUTO
_92375
650 7 _aSueños
_vCuentos infantiles.
_2BLAAUTO
_961509
650 7 _aCuentos fantásticos.
_2BLAAUTO
700 1 _aOchoa, Santiago,
_etr.
_939974
700 1 _aVilla, Francisco,
_eil.
_961510
700 1 _aPuerta Duviau, Cristina,
_eed.
_961511
830 0 _aPrograma de catalogación en la publicación
942 _2ddc
_cBK
949 _an
_bn
999 _c57752
_d57752